000 00899nam a2200289 a 4500
008
020 _a0721618499 (hbk.)
049 _aMAIN
090 _aRC46
_bTEX
245 0 0 _aTextbook of medicine /
_c[edited by] Cecil, Russel L., James B. Wyngaarden and Lloyd H. Smith.
250 _a18th ed.
260 _aPhiladelphia :
_bSaunders,
_c1988.
300 _axxxiv, 1203 p. :
_bill. (some col.) ;
_c29 cm.
500 _aIncludes index.
500 _aPublished simultaneously as 1 v. and as a 2 v. set.
504 _aIncludes bibliographical references.
650 0 _aInternal medicine.
650 2 _aMedicine.
700 1 _aCecil, Russell L.
700 1 _aWyngaarden, James B.
700 1 _aSmith, Lloyd H.
907 _a.b10393754
_b29-10-18
_c25-10-18
003
005 20230123141128.0
040 _cNUST
942 _cBOOKS
_kRC46
_mTEX
999 _c168186
_d168186